000 00510nam a2200157Ia 4500
008 240729s9999 xx 000 0 und d
022 _a2668-2753
245 0 _aInformation and Communication Sciences Research
260 _aRomania
260 _bUniversity of Bucharest Publishing House
650 _a Information resources (General)
650 _aBibliography. Library science. Information resources
856 _uhttps://doaj.org/toc/4202a5e080ae427f8518df18fff13aa0
942 _2ddc
942 _cDOAJEJ
999 _c70913
_d70913
945 _a1
_bMadushi Gamage
_c1
_dMadushi Gamage